Riconosci lo Stato - Quiz n°178 - Statistics

Statistiche generali
  • Questo quiz è stato fatto 16 volte
  • Il punteggio medio è 11 su 13
Statistiche sulle risposte
Indizio Risposta % Corretto
Valuta Dinaro
100%
Iniziale della Capitale T
100%
Popolazione 12 351 444 ab.
93%
Superficie 163 610 km²
93%
Indipendenza dalla Francia, 20 marzo 1956
93%
Fuso Orario UTC+1
93%
ISU 0,745
86%
Presidente della Repubblica Kaïs Saïed
86%
Tasso di crescita 1,010%
79%
PIL (nominale) 50 842 milioni di $
79%
Primo ministro Ahmed Hachani
79%
Forma di Governo Repubblica presidenziale
79%
Risposta Tunisia
79%
Nessun quiz corrispondente trovato
Distribuzione punteggi
Percentuale di utenti per punteggio
Percentile per numero di risposta
I tuoi punteggi nel tempo
Non hai fatto questo quiz